[Event "23. OSREDNJA SLOVENSKA LIGA 2022"]
[Site "gostovanja"]
[Date "2022.10.27"]
[Round "6.3"]
[White "Smirnov, Maksim"]
[Black "Zmaucar, Miha"]
[Result "0-1"]
[WhiteElo "1293"]
[BlackElo "1465"]
[PlyCount "98"]
[EventDate "2022.10.27"]
[WhiteTeam "SS TOMO ZUPAN KRANJ"]
[BlackTeam "SD DOMZALE"]

1. d4 d5 2. Bf4 c5 3. c3 Nf6 4. e3 Nc6 5. Nf3 Qb6 6. Qc2 Bf5 7. dxc5 Bxc2 8.
cxb6 axb6 9. Na3 Bg6 10. Nb5 Kd7 11. Bc7 Ra6 12. Bf4 e6 13. Nbd4 Ra5 14. Bb5
Bd6 15. a4 Rc8 16. Rd1 Ke7 17. Bxd6+ Kxd6 18. c4 Nb4 19. O-O Bd3 20. Rfe1 Bxc4
21. Bxc4 Rxc4 22. b3 Rc8 23. Nb5+ Ke7 24. Ne5 Ne4 25. f3 Nc3 26. Nxc3 Rxc3 27.
e4 f6 28. Ng4 Rxb3 29. Rc1 Nc6 30. exd5 Rxd5 31. Ne3 Re5 32. Kf2 Nb4 33. Red1
Nd3+ 34. Rxd3 Rxd3 35. Ng4 Rd2+ 36. Kg3 Rc5 37. Rb1 h5 38. Ne3 Rc3 39. Nd1 Rcd3
40. Nf2 h4+ 41. Kh3 Rxf2 42. Rxb6 Rd7 43. g3 g5 44. f4 hxg3 45. hxg3 gxf4 46.
gxf4 Rd3+ 47. Kg4 f5+ 48. Kh4 Rh2+ 49. Kg5 Rg3# 0-1

[Event "23. OSREDNJA SLOVENSKA LIGA 2022"]
[Site "gostovanja"]
[Date "2022.10.27"]
[Round "6.4"]
[White "Faganel, Kaja"]
[Black "Demsar, Maks"]
[Result "0-1"]
[WhiteElo "1487"]
[BlackElo "1229"]
[PlyCount "88"]
[EventDate "2022.10.27"]
[WhiteTeam "SD DOMZALE"]
[BlackTeam "SS TOMO ZUPAN KRANJ"]

1. Nf3 d5 2. c4 e6 3. b3 c5 4. Bb2 Nc6 5. e3 Nf6 6. d4 cxd4 7. exd4 Bb4+ 8.
Nbd2 O-O 9. Be2 Re8 10. O-O b6 11. a3 Bf8 12. Qc2 Bb7 13. Rac1 Rc8 14. Qb1 g6
15. Rfd1 Bg7 16. Ne5 Nd7 17. Ndf3 Ncxe5 18. Nxe5 Nxe5 19. dxe5 Qg5 20. Bf3 Bxe5
21. cxd5 Bxb2 22. Qxb2 Bxd5 23. Bxd5 exd5 24. g3 Rxc1 25. Rxc1 Qe5 26. Qd2 d4
27. Qd3 Qe4 28. Rd1 Qxd3 29. Rxd3 Rd8 30. Kg2 f5 31. Kf3 Kf7 32. h3 Kf6 33. Ke2
Ke5 34. Kf3 Rc8 35. a4 h5 36. b4 Rc4 37. Rb3 Rc3+ 38. Rxc3 dxc3 39. Ke3 c2 40.
f4+ Kd5 41. Kd2 Kc4 42. a5 Kxb4 43. axb6 axb6 44. Kxc2 Ka3 0-1

[Event "23. OSREDNJA SLOVENSKA LIGA 2022"]
[Site "gostovanja"]
[Date "2022.10.27"]
[Round "6.2"]
[White "Veskovic, Dzemal"]
[Black "Siraj, Anej"]
[Result "0-1"]
[WhiteElo "1860"]
[BlackElo "2047"]
[PlyCount "109"]
[EventDate "2022.10.27"]
[WhiteTeam "SD MENGES-TRZIN 1"]
[BlackTeam "SD VRHNIKA"]

1. e4 e5 2. Nf3 Nc6 3. a3 Nf6 4. Nc3 Bc5 5. h3 O-O 6. d3 h6 7. Be3 Bb6 8. Qd2
Kh7 9. g4 d5 10. exd5 Nxd5 11. Nxd5 Qxd5 12. Bg2 Qd6 13. Nh4 Nd4 14. Bxd4 Bxd4
15. c3 Bb6 16. O-O-O g6 17. Kb1 Bd7 18. Rhf1 Ba4 19. Rde1 Qf6 20. g5 Qxg5 21.
Qxg5 hxg5 22. Nf3 f6 23. Nd2 Rad8 24. Be4 f5 25. Bxb7 Rxd3 26. Nf3 e4 27. Nxg5+
Kh6 28. h4 Rd2 29. f3 e3 30. Ba6 Bb3 31. Be2 Rfd8 32. f4 Rxe2 33. Rxe2 Rd1+ 34.
Rxd1 Bxd1 35. Re1 e2 36. Nf3 Bf2 37. Rh1 Kh5 38. Ne1 Kg4 39. Nd3 Kg3 40. h5
gxh5 41. Rxh5 Bb3 42. Rh1 Bc4 43. Ne5 Bd5 44. Rc1 e1=Q 45. Rxe1 Bxe1 46. Kc2
Be4+ 47. Kd1 Bf2 48. Ke2 Kxf4 49. Nf7 Bb6 50. b4 Bd5 51. Nh8 Bc4+ 52. Kd2 Ke4
53. a4 f4 54. a5 Be3+ 55. Ke1 0-1

[Event "23. OSREDNJA SLOVENSKA LIGA 2022"]
[Site "gostovanja"]
[Date "2022.10.27"]
[Round "6.3"]
[White "Vodnik, Val"]
[Black "Simicak, Metod"]
[Result "0-1"]
[WhiteElo "1341"]
[BlackElo "1706"]
[PlyCount "100"]
[EventDate "2022.10.27"]
[WhiteTeam "SD VRHNIKA"]
[BlackTeam "SD MENGES-TRZIN 1"]

1. d4 d5 2. c4 e6 3. Nf3 Nf6 4. g3 Nc6 5. Bg2 dxc4 6. e3 Bb4+ 7. Bd2 O-O 8.
Bxb4 Nxb4 9. Ne5 Rb8 10. a3 Nd3+ 11. Nxd3 cxd3 12. O-O c5 13. Qxd3 cxd4 14. Rd1
Qb6 15. Qxd4 Qxd4 16. Rxd4 e5 17. Rd2 Bf5 18. Nc3 b6 19. Rad1 Rfc8 20. Nd5 Nxd5
21. Rxd5 f6 22. h4 Rc2 23. R1d2 Rxd2 24. Rxd2 Kf7 25. Bd5+ Be6 26. Bxe6+ Kxe6
27. f3 Rc8 28. Kf2 Rc6 29. e4 h5 30. Ke3 Rc1 31. f4 exf4+ 32. Kxf4 g5+ 33. hxg5
Rf1+ 34. Ke3 fxg5 35. Rh2 Rb1 36. Kd3 Rg1 37. Rxh5 Rxg3+ 38. Kc2 Ke5 39. Rh7
Kxe4 40. Rxa7 Rg2+ 41. Kc3 g4 42. Rb7 g3 43. Rxb6 Rg1 44. Rg6 g2 45. Kb4 Kf3
46. a4 Re1 47. a5 Re4+ 48. Kb5 Rg4 49. Rxg4 Kxg4 50. a6 g1=Q 0-1

[Event "23. OSREDNJA SLOVENSKA LIGA 2022"]
[Site "gostovanja"]
[Date "2022.10.27"]
[Round "6.1"]
[White "Keber, Aljosa"]
[Black "Kirasic, Branko"]
[Result "1/2-1/2"]
[WhiteElo "1548"]
[BlackElo "1938"]
[PlyCount "98"]
[EventDate "2022.10.27"]
[WhiteTeam "SK KOMENDA POGI"]
[BlackTeam "SK VISNJA GORA - STICNA"]

1. e4 c5 2. Nf3 a6 3. c4 Nc6 4. d4 cxd4 5. Nxd4 Nf6 6. Nxc6 bxc6 7. Nc3 d6 8.
Bg5 h6 9. Bxf6 gxf6 10. Be2 Bg7 11. Qa4 Qb6 12. Nd5 Qb7 13. Nb4 a5 14. Qxc6+
Qxc6 15. Nxc6 Bb7 16. Nd4 Bxe4 17. Bf3 Bxf3 18. Nxf3 f5 19. O-O-O Rb8 20. Nd4
f4 21. Rhe1 Kd7 22. Re2 a4 23. Nb5 Rhc8 24. Rc2 Rc5 25. Rd3 Rbc8 26. b3 Bf6 27.
Nc3 axb3 28. axb3 Ra5 29. Nd5 Ra1+ 30. Kd2 Bg5 31. Ke2 Rb8 32. Kf3 f5 33. c5
dxc5 34. Nxf4+ Ke8 35. Rxc5 Rb1 36. Rxf5 R1xb3 37. Rxb3 Rxb3+ 38. Kg4 Rb4 39.
g3 e6 40. Ra5 Bxf4 41. gxf4 Kf7 42. h4 Kf6 43. h5 Rb2 44. Ra7 Rxf2 45. Rh7 Rg2+
46. Kf3 Rg1 47. Rxh6+ Kf5 48. Rh8 Rf1+ 49. Kg2 Ra1 1/2-1/2

[Event "23. OSREDNJA SLOVENSKA LIGA 2022"]
[Site "gostovanja"]
[Date "2022.10.27"]
[Round "6.2"]
[White "Jancigaj, Saso Valentin"]
[Black "Cimperman, Teo"]
[Result "1/2-1/2"]
[WhiteElo "1706"]
[BlackElo "1433"]
[PlyCount "119"]
[EventDate "2022.10.27"]
[WhiteTeam "SK VISNJA GORA - STICNA"]
[BlackTeam "SK KOMENDA POGI"]

1. f4 Nf6 2. Nf3 d5 3. d4 Nc6 4. e3 Bf5 5. c3 e6 6. Nbd2 Be7 7. Be2 Ng4 8. Nf1
Bh4+ 9. Nxh4 Qxh4+ 10. g3 Qh3 11. Bxg4 Bxg4 12. Qd2 Ne7 13. Rg1 Nf5 14. Qf2 h5
15. Nd2 h4 16. e4 hxg3 17. hxg3 dxe4 18. Nxe4 Qh2 19. b3 O-O-O 20. a4 Bf3 21.
Ra2 Qxf2+ 22. Nxf2 Rh2 23. Rb2 Rdh8 24. b4 c6 25. b5 Kc7 26. g4 Nh4 27. f5 Ng2+
28. Kf1 Bd5 29. Nd3 Be4 30. Rbxg2 Bxd3+ 31. Kf2 Rxg2+ 32. Rxg2 cxb5 33. axb5
Bxb5 34. fxe6 fxe6 35. Bf4+ Kc6 36. Be5 Rf8+ 37. Ke3 g6 38. g5 Kd5 39. Bf6 Rc8
40. Kd2 a5 41. Rg1 a4 42. Be7 Rc7 43. Bc5 Rf7 44. Re1 Rf5 45. Be7 Rf2+ 46. Kc1
Re2 47. Rxe2 Bxe2 48. Kb2 Bc4 49. Ka3 Bb3 50. Bf6 Kc4 51. Kb2 b5 52. Be5 b4 53.
cxb4 Kxb4 54. Bd6+ Kc4 55. Be5 Kd3 56. Ka3 Ke4 57. Kb2 Kd3 58. Bf6 Ke4 59. Kc3
Bd5 60. Kb4 1/2-1/2

[Event "23. OSREDNJA SLOVENSKA LIGA 2022"]
[Site "gostovanja"]
[Date "2022.10.27"]
[Round "6.3"]
[White "Macek, Inti"]
[Black "Kamensek, Ivan"]
[Result "0-1"]
[WhiteElo "1242"]
[BlackElo "1729"]
[PlyCount "93"]
[EventDate "2022.10.27"]
[WhiteTeam "SK KOMENDA POGI"]
[BlackTeam "SK VISNJA GORA - STICNA"]

1. d4 d5 2. Nf3 Nf6 3. c4 e6 4. Nc3 Be7 5. e3 O-O 6. cxd5 exd5 7. Be2 c6 8. O-O
h6 9. b3 Bg4 10. Bb2 Nbd7 11. h3 Bf5 12. Qc1 Ne4 13. Nxe4 dxe4 14. Nd2 Nf6 15.
Ba3 Re8 16. Bxe7 Rxe7 17. Qc5 Qd7 18. Rac1 g5 19. Nc4 b6 20. Qb4 Nd5 21. Qd2 f6
22. Qd1 b5 23. Nd2 Bg6 24. Bh5 Kg7 25. Bxg6 Kxg6 26. Qc2 Nb4 27. Qb1 Nd3 28.
Rc3 f5 29. f3 Qd5 30. fxe4 fxe4 31. Nxe4 Qxe4 32. Qxd3 Qxd3 33. Rxd3 Rae8 34.
Rf3 Re4 35. Kf2 a5 36. g4 R4e6 37. Rc3 Kg7 38. Rc5 Rd6 39. Re5 Rxe5 40. dxe5
Rd8 41. Rf6 Rf8 42. Rxf8 Kxf8 43. Kf3 Ke7 44. Ke4 Ke6 45. Kd4 b4 46. Kc5 Kxe5
47. Kxc6 0-1

[Event "23. OSREDNJA SLOVENSKA LIGA 2022"]
[Site "gostovanja"]
[Date "2022.10.27"]
[Round "6.4"]
[White "Zunic, Bostjan"]
[Black "Babarovic, Fran"]
[Result "0-1"]
[WhiteElo "1487"]
[BlackElo "1172"]
[PlyCount "86"]
[EventDate "2022.10.27"]
[WhiteTeam "SK VISNJA GORA - STICNA"]
[BlackTeam "SK KOMENDA POGI"]

1. e4 e5 2. Nf3 Nc6 3. Bb5 Nf6 4. Nc3 Bc5 5. O-O d6 6. Bxc6+ bxc6 7. h3 O-O 8.
d3 Rb8 9. Ne2 Ba6 10. Ng3 Re8 11. Nf5 d5 12. Re1 dxe4 13. dxe4 Qxd1 14. Rxd1
Nxe4 15. Ne3 Be2 16. Rd7 Bd6 17. Nf5 Nf6 18. Nxd6 Nxd7 19. Nxe8 Rxe8 20. Ng5 f5
21. Nf3 Bxf3 22. gxf3 Re6 23. c4 f4 24. b4 Rh6 25. Kh2 Kf7 26. a4 a6 27. Bb2
Rd6 28. Bc3 Rd3 29. Rc1 Rxf3 30. Kg2 Rd3 31. c5 Ke6 32. Rc2 Nf6 33. f3 Nd5 34.
Bd2 Rb3 35. b5 cxb5 36. axb5 axb5 37. Kf2 Nb4 38. Bxb4 Rxb4 39. Ke2 Rc4 40. Ra2
Rxc5 41. Kd3 b4 42. Rb2 Rc3+ 43. Ke4 Re3# 0-1

[Event "23. OSREDNJA SLOVENSKA LIGA 2022"]
[Site "gostovanja"]
[Date "2022.10.27"]
[Round "6.1"]
[White "Ocepek, Marjan"]
[Black "Mlacnik, Janez"]
[Result "1/2-1/2"]
[WhiteElo "1588"]
[BlackElo "1803"]
[PlyCount "69"]
[EventDate "2022.10.27"]
[WhiteTeam "SD MENGES-TRZIN 2"]
[BlackTeam "KPSRD KAREL JERAJ"]

1. e4 e6 2. d4 d5 3. exd5 Qxd5 4. Nf3 Nf6 5. Be2 Be7 6. O-O O-O 7. Bf4 c6 8. c4
Qd8 9. Nc3 b6 10. Qc2 Bb7 11. Rad1 Na6 12. a3 Bd6 13. Be5 Qe7 14. h3 Rac8 15.
Bxd6 Qxd6 16. b4 Nc7 17. Rfe1 Rfd8 18. Bd3 Qf4 19. Ne2 Qh6 20. Be4 Nce8 21. Ng3
Nxe4 22. Nxe4 Nf6 23. Nxf6+ gxf6 24. c5 b5 25. Re4 Rd5 26. Qd2 Qxd2 27. Rxd2
Rcd8 28. Rde2 Bc8 29. Rg4+ Kf8 30. Rge4 h5 31. Kh2 Kg7 32. g4 hxg4 33. hxg4 f5
34. gxf5 Rxf5 35. Rg4+ 1/2-1/2

[Event "23. OSREDNJA SLOVENSKA LIGA 2022"]
[Site "gostovanja"]
[Date "2022.10.27"]
[Round "6.2"]
[White "Stimec, Marjan"]
[Black "Hafner, Branko"]
[Result "1-0"]
[WhiteElo "1800"]
[BlackElo "1449"]
[PlyCount "115"]
[EventDate "2022.10.27"]
[WhiteTeam "KPSRD KAREL JERAJ"]
[BlackTeam "SD MENGES-TRZIN 2"]

1. e4 e5 2. Nf3 d6 3. Bc4 h6 4. Nc3 c6 5. d4 exd4 6. Nxd4 Nf6 7. f3 Nh5 8. Be3
Qh4+ 9. Bf2 Qd8 10. Qd2 Nf4 11. O-O-O Be7 12. g4 d5 13. exd5 cxd5 14. Bb5+ Bd7
15. Nf5 O-O 16. Nxe7+ Qxe7 17. Rhe1 Qd6 18. Bg3 Qb6 19. Bxd7 Nxd7 20. Nxd5 Nxd5
21. Qxd5 Nf6 22. Qd6 Qa5 23. Kb1 Rad8 24. Qc7 Qxc7 25. Bxc7 Rc8 26. Bd6 Rfd8
27. Be7 Rxd1+ 28. Rxd1 Nh7 29. h4 f6 30. Rd7 b5 31. Rxa7 Re8 32. b3 Kf7 33.
Bc5+ Kg8 34. Re7 Rxe7 35. Bxe7 Kf7 36. Bd6 Ke6 37. Bg3 Nf8 38. c3 g6 39. Kc2
Kd5 40. Kd3 Ne6 41. c4+ bxc4+ 42. bxc4+ Kc5 43. Kc3 f5 44. Bf2+ Kc6 45. Be3 f4
46. Bd4 g5 47. h5 Kb7 48. Bf2 Kc6 49. Kb4 Nc7 50. a4 Ne6 51. a5 Nc7 52. Bb6 Ne6
53. Kc3 Ng7 54. Kd4 Ne8 55. Bc5 Nf6 56. Be7 Nd7 57. Ke4 Kb7 58. Kd5 1-0

[Event "23. OSREDNJA SLOVENSKA LIGA 2022"]
[Site "gostovanja"]
[Date "2022.10.27"]
[Round "6.3"]
[White "Strajhar, Albin"]
[Black "Vertacnik, Viktor"]
[Result "1-0"]
[WhiteElo "1815"]
[BlackElo "1600"]
[PlyCount "47"]
[EventDate "2022.10.27"]
[WhiteTeam "SD MENGES-TRZIN 2"]
[BlackTeam "KPSRD KAREL JERAJ"]

1. e4 e5 2. Bc4 Nc6 3. Nc3 Bc5 4. d3 d6 5. Nf3 Bg4 6. h3 Bh5 7. g4 Bg6 8. Be3
Bb6 9. h4 h6 10. Qe2 Nf6 11. h5 Bh7 12. g5 Ng4 13. Bxb6 axb6 14. Rg1 Qd7 15.
Nd5 Ne7 16. Nxe7 Qxe7 17. Rxg4 Qd7 18. Rg3 b5 19. Bb3 Bg8 20. O-O-O f5 21. Bxg8
f4 22. Rgg1 Rxg8 23. gxh6 gxh6 24. Rxg8+ {nejasno (28)} 1-0

[Event "23. OSREDNJA SLOVENSKA LIGA 2022"]
[Site "gostovanja"]
[Date "2022.10.27"]
[Round "6.4"]
[White "Cizman, Gregor"]
[Black "Saradjen, Darja"]
[Result "1/2-1/2"]
[WhiteElo "1521"]
[BlackElo "1739"]
[PlyCount "118"]
[EventDate "2022.10.27"]
[WhiteTeam "KPSRD KAREL JERAJ"]
[BlackTeam "SD MENGES-TRZIN 2"]

1. d4 d5 2. Nf3 Nf6 3. Bf4 e6 4. c3 Be7 5. e3 Nbd7 6. Nbd2 O-O 7. h3 a6 8. Bd3
Re8 9. O-O h6 10. Re1 c5 11. Qa4 c4 12. Bb1 Nf8 13. Qd1 b5 14. a3 Bb7 15. Ne5
Ne4 16. f3 Nf6 17. e4 Nh5 18. Bh2 Bh4 19. Rf1 Ng3 20. Bxg3 Bxg3 21. f4 f6 22.
Ng4 h5 23. Ne3 g6 24. e5 f5 25. Rf3 Bh4 26. Bc2 a5 27. g3 Be7 28. Qe2 b4 29.
Ba4 Nd7 30. Rff1 Kg7 31. Nf3 Rh8 32. h4 b3 33. Bxd7 Qxd7 34. Ng5 Bc8 35. Qg2
Ra6 36. Rfe1 Qe8 37. Qe2 Bxg5 38. fxg5 Rf8 39. Ng2 Ra7 40. Nf4 a4 41. Rf1 Raf7
42. Rf2 Rh8 43. Raf1 Bd7 44. Re1 Bc6 45. Qf3 Qd7 46. Rfe2 Re7 47. Ng2 Rf8 48.
Qf4 Ref7 49. Kf2 Qc8 50. Ke3 Qd7 51. Kd2 Rh8 52. Rf1 Rhf8 53. Ref2 Rh8 54. Qe3
Qc8 55. Nf4 Bd7 56. Re1 Re7 57. Qf3 Qc6 58. Ref1 Qb5 59. Qg2 Ree8 1/2-1/2

[Event "23. OSREDNJA SLOVENSKA LIGA 2022"]
[Site "gostovanja"]
[Date "2022.11.03"]
[Round "7.1"]
[White "Coklin, Marko"]
[Black "Poglajen, Franc"]
[Result "1/2-1/2"]
[WhiteElo "2159"]
[BlackElo "1748"]
[PlyCount "134"]
[EventDate "2022.11.03"]
[WhiteTeam "SK TRZIN BUSCOTRADE"]
[BlackTeam "SK KOMENDA POGI"]

1. d4 d5 2. c4 Nf6 3. cxd5 Nxd5 4. e4 Nb6 5. Nc3 e6 6. Be3 N8d7 7. Nf3 Be7 8.
a4 a5 9. Bd3 O-O 10. Qe2 c5 11. dxc5 Nxc5 12. Bc2 Bd7 13. O-O Bc6 14. Ne5 Qc7
15. Nxc6 Qxc6 16. Rfc1 Nbd7 17. f4 b6 18. e5 Rac8 19. Rd1 Rfd8 20. Nb5 Qa8 21.
Nd6 Bxd6 22. Rxd6 Qb8 23. Qb5 g6 24. Rad1 Kg7 25. Bb1 Qc7 26. Rc1 Qa7 27. Bd3
h6 28. Rd1 Qc7 29. Be2 h5 30. Bf3 Kh7 31. Bf2 Kg7 32. Bh4 f6 33. exf6+ Nxf6 34.
Qxb6 Qxb6 35. Rxb6 Rxd1+ 36. Bxd1 Nd5 37. Rb5 Nd3 38. Kf1 N5xf4 39. g3 Nd5 40.
Ke2 N5b4 41. Rxa5 Nxb2 42. Bb3 Rc6 43. Ra7+ Kg8 44. Bf6 N2d3 45. Ke3 Nc5 46.
Bd1 Nd5+ 47. Kd4 Nxf6 48. Bf3 Nb3+ 49. Ke5 Rc3 50. Kxf6 Rxf3+ 51. Kxg6 Kf8 52.
Kxh5 e5 53. Kg4 e4 54. h4 Nd4 55. Rd7 Ne6 56. h5 Rf6 57. Rd5 e3 58. Re5 Kf7 59.
Rxe3 Nc5 60. Rc3 Nxa4 61. Rc7+ Kg8 62. Kg5 Rd6 63. g4 Nb6 64. h6 Nd5 65. Rg7+
Kh8 66. Rf7 Ne3 67. Kh5 Nxg4 1/2-1/2

[Event "23. OSREDNJA SLOVENSKA LIGA 2022"]
[Site "gostovanja"]
[Date "2022.11.03"]
[Round "7.2"]
[White "Keber, Aljosa"]
[Black "Krumpak, Hinko"]
[Result "0-1"]
[WhiteElo "1548"]
[BlackElo "2032"]
[PlyCount "90"]
[EventDate "2022.11.03"]
[WhiteTeam "SK KOMENDA POGI"]
[BlackTeam "SK TRZIN BUSCOTRADE"]

1. e4 g6 2. d4 Bg7 3. c4 d6 4. Nc3 e5 5. Nf3 exd4 6. Nxd4 Nc6 7. Be3 Nge7 8.
Be2 f5 9. Qd2 O-O 10. O-O-O fxe4 11. Nxe4 Nf5 12. Nxf5 Bxf5 13. Nc3 Be6 14. h4
Ne5 15. b3 Ng4 16. Bg5 Qd7 17. Bf3 Nxf2 18. Qxf2 Bxc3 19. Qe3 Be5 20. Bxb7 Rab8
21. Bd5 Bxd5 22. Rxd5 Qg4 23. Qd2 Rf5 24. Re1 Rxg5 25. hxg5 Bf4 26. Re3 Rf8 27.
g3 Bxg5 28. Rxg5 Qxg5 29. Rd3 Qxd2+ 30. Rxd2 Rf3 31. g4 Rg3 32. Rd4 Kf7 33.
Rf4+ Ke6 34. Kb2 h6 35. c5 dxc5 36. Rc4 Kd5 37. a4 g5 38. Kc2 a5 39. Kb2 Rg2+
40. Kc3 Rf2 41. Kd3 Rf3+ 42. Kc2 Rf4 43. Kd3 Rxc4 44. bxc4+ Ke5 45. Ke3 c6 0-1

[Event "23. OSREDNJA SLOVENSKA LIGA 2022"]
[Site "gostovanja"]
[Date "2022.11.03"]
[Round "7.3"]
[White "Rojs, Igor"]
[Black "Macek, Inti"]
[Result "1-0"]
[WhiteElo "1942"]
[BlackElo "1242"]
[PlyCount "59"]
[EventDate "2022.11.03"]
[WhiteTeam "SK TRZIN BUSCOTRADE"]
[BlackTeam "SK KOMENDA POGI"]

1. c4 e5 2. Nc3 Nc6 3. g3 g6 4. Bg2 Nge7 5. e3 Bg7 6. Nge2 f5 7. d4 e4 8. Nf4
O-O 9. h4 b6 10. b3 Bb7 11. Ba3 Re8 12. Qd2 a5 13. O-O-O Nb4 14. Kb1 d5 15. Ne6
Qd7 16. Nxg7 Kxg7 17. Bf1 Ba6 18. Be2 c6 19. Bb2 Bb7 20. a3 Na6 21. g4 fxg4 22.
h5 Rh8 23. h6+ Kf7 24. Rdg1 Rhf8 25. Bxg4 Qd6 26. f3 exf3 27. e4 dxe4 28. Nxe4
Qc7 29. Ng5+ Kg8 30. Be6+ 1-0

[Event "23. OSREDNJA SLOVENSKA LIGA 2022"]
[Site "gostovanja"]
[Date "2022.11.03"]
[Round "7.4"]
[White "Zagar, Katarina"]
[Black "Rojs, Lan Aleksander"]
[Result "0-1"]
[WhiteElo "1000"]
[BlackElo "1500"]
[PlyCount "100"]
[EventDate "2022.11.03"]
[WhiteTeam "SK KOMENDA POGI"]
[BlackTeam "SK TRZIN BUSCOTRADE"]

1. d4 d5 2. c4 e6 3. Nc3 Nf6 4. Bg5 Be7 5. Nf3 a6 6. e3 O-O 7. Bd3 dxc4 8. Bxc4
b5 9. Bd3 Bb7 10. O-O Nbd7 11. Re1 c5 12. dxc5 Nxc5 13. Be2 Qb6 14. Ne5 Rfd8
15. Qc2 Rac8 16. Rad1 Qc7 17. Nf3 Na4 18. Rc1 h6 19. Bf4 Qa5 20. a3 Nxc3 21.
bxc3 Bxa3 22. Qa2 Bxf3 23. Bxf3 Rxc3 24. Rcd1 Rcd3 25. Rc1 Bb4 26. Qxa5 Bxa5
27. Rf1 Bc3 28. Be2 Rd2 29. Bxb5 Bb2 30. Bc7 Bxc1 31. Bxd8 Rxd8 32. Bxa6 Ba3
33. h3 Bb2 34. Rb1 Ra8 35. Bb7 Ra1 36. Rxa1 Bxa1 37. Kh2 Be5+ 38. f4 Bc3 39.
Kg3 Nd5 40. e4 Nf6 41. e5 Nd5 42. Kf3 Bd2 43. g3 Kf8 44. Ke4 Ne7 45. g4 g6 46.
h4 h5 47. gxh5 gxh5 48. Ba6 Kg7 49. Be2 Kh6 50. Kd4 Bxf4 0-1

[Event "23. OSREDNJA SLOVENSKA LIGA 2022"]
[Site "gostovanja"]
[Date "2022.11.03"]
[Round "7.1"]
[White "Debevec, Blaz"]
[Black "Justin, Matjaz"]
[Result "1/2-1/2"]
[WhiteElo "2056"]
[BlackElo "2250"]
[PlyCount "41"]
[EventDate "2022.11.03"]
[WhiteTeam "SD DOMZALE"]
[BlackTeam "SD VRHNIKA"]

1. d4 Nf6 2. c4 e6 3. Nc3 Bb4 4. Qc2 O-O 5. a3 Bxc3+ 6. Qxc3 b6 7. Bg5 Ba6 8.
f3 d5 9. Rc1 Bxc4 10. b3 Ba6 11. Qxc7 Qxc7 12. Rxc7 Nbd7 13. Nh3 Rfc8 14. Rxc8+
Rxc8 15. Kd2 Kf8 16. e3 Bxf1 17. Rxf1 h6 18. Bxf6 Nxf6 19. Nf4 Ke7 20. Nd3 Kd7
21. a4 1/2-1/2

[Event "23. OSREDNJA SLOVENSKA LIGA 2022"]
[Site "gostovanja"]
[Date "2022.11.03"]
[Round "7.2"]
[White "Siraj, Svit"]
[Black "Osolin, Bogdan"]
[Result "1-0"]
[WhiteElo "2153"]
[BlackElo "1974"]
[PlyCount "85"]
[EventDate "2022.11.03"]
[WhiteTeam "SD VRHNIKA"]
[BlackTeam "SD DOMZALE"]

1. e4 g6 2. d4 Nf6 3. Bd3 d5 4. e5 Nh5 5. f4 Ng7 6. Nf3 Bg4 7. h3 Bf5 8. Bxf5
Nxf5 9. e6 f6 10. O-O Qd6 11. Re1 h5 12. b3 Bh6 13. c4 c6 14. Nc3 Na6 15. c5
Nxc5 16. Ba3 b6 17. dxc5 Qxf4 18. Bc1 Qb4 19. Na4 b5 20. a3 Qa5 21. Bxh6 bxa4
22. b4 Qb5 23. Bf4 g5 24. Bh2 a5 25. Qc2 g4 26. Qxf5 gxf3 27. Qg6+ Kd8 28. Qg7
Re8 29. Qf7 f2+ 30. Kxf2 axb4 31. Bd6 Ra7 32. axb4 a3 33. Rxa3 Rxa3 34. Bxe7+
Rxe7 35. Qf8+ Re8 36. Qd6+ Kc8 37. Qd7+ Kb8 38. Qxe8+ Kb7 39. Qd7+ Ka6 40. Qc8+
Ka7 41. Qc7+ Ka6 42. Qb6+ Qxb6 43. cxb6 1-0

[Event "23. OSREDNJA SLOVENSKA LIGA 2022"]
[Site "gostovanja"]
[Date "2022.11.03"]
[Round "7.3"]
[White "Markosek, Bine"]
[Black "Vodnik, Val"]
[Result "1-0"]
[WhiteElo "1641"]
[BlackElo "1341"]
[PlyCount "51"]
[EventDate "2022.11.03"]
[WhiteTeam "SD DOMZALE"]
[BlackTeam "SD VRHNIKA"]

1. e4 e5 2. Nf3 Nc6 3. Bb5 a6 4. Ba4 Nge7 5. O-O g6 6. Re1 Bg7 7. c3 O-O 8. d3
b5 9. Bb3 Na5 10. Bc2 d6 11. h4 c5 12. Nbd2 Be6 13. Nf1 Qd7 14. Ng3 f5 15. exf5
Nxf5 16. Nxf5 Bxf5 17. Ng5 d5 18. Be3 h6 19. Nf3 d4 20. Bd2 Rae8 21. cxd4 Nb7
22. dxe5 Bxd3 23. Bxd3 Qxd3 24. Qb3+ Qxb3 25. axb3 Rd8 26. e6 1-0

[Event "23. OSREDNJA SLOVENSKA LIGA 2022"]
[Site "gostovanja"]
[Date "2022.11.03"]
[Round "7.4"]
[White "Sever, Gasper"]
[Black "Timagina, Sofia"]
[Result "1/2-1/2"]
[WhiteElo "1241"]
[BlackElo "1331"]
[PlyCount "84"]
[EventDate "2022.11.03"]
[WhiteTeam "SD VRHNIKA"]
[BlackTeam "SD DOMZALE"]

1. e4 e5 2. Nf3 Nc6 3. Bb5 a6 4. Ba4 Nf6 5. O-O b5 6. Bb3 Be7 7. Re1 d6 8. c3
O-O 9. h3 Bb7 10. d4 Re8 11. Bg5 h6 12. Bh4 Nh7 13. Bxe7 Qxe7 14. Bd5 Na5 15.
b4 Bxd5 16. exd5 Nc4 17. Nbd2 Nxd2 18. Qxd2 Qf6 19. dxe5 dxe5 20. Re4 Qd6 21.
Rae1 f6 22. c4 Red8 23. Rd1 bxc4 24. Rxc4 Rd7 25. Qc3 Rad8 26. Rc6 Qe7 27. Qc4
Qf7 28. Rxa6 Rxd5 29. Rxd5 Rxd5 30. Rc6 Rd1+ 31. Kh2 Qxc4 32. Rxc4 Ra1 33. Rc2
Nf8 34. Nd2 Ne6 35. Nb3 Rf1 36. a4 Rb1 37. Rc3 Rb2 38. Kg1 Rb1+ 39. Kh2 Rb2 40.
Kg1 Rb1+ 41. Kh2 Rb2 42. Kg1 Rb1+ 1/2-1/2

[Event "23. OSREDNJA SLOVENSKA LIGA 2022"]
[Site "gostovanja"]
[Date "2022.11.03"]
[Round "7.1"]
[White "Sedlar, Tomo"]
[Black "Lucovnik, Tilen"]
[Result "0-1"]
[WhiteElo "1831"]
[BlackElo "2120"]
[PlyCount "40"]
[EventDate "2022.11.03"]
[WhiteTeam "SD MENGES-TERZN 1"]
[BlackTeam "SK KOMENDA POPOTNIK"]

1. d4 e6 2. c4 b6 3. Nc3 Bb4 4. Bf4 Bb7 5. e3 f5 6. Nf3 Nf6 7. Be2 O-O 8. O-O
Bxc3 9. bxc3 d6 10. Qb3 Qe7 11. h3 Ne4 12. Rfd1 g5 13. Bh2 g4 14. hxg4 fxg4 15.
Nd2 Rxf2 16. Nxe4 Rxe2 17. d5 exd5 18. Ng3 Rxg2+ 19. Kh1 Rxg3 20. cxd5 Qe4# 0-1

[Event "23. OSREDNJA SLOVENSKA LIGA 2022"]
[Site "gostovanja"]
[Date "2022.11.03"]
[Round "7.2"]
[White "Juhant, Igor"]
[Black "Veskovic, Dzemal"]
[Result "0-1"]
[WhiteElo "1964"]
[BlackElo "1860"]
[PlyCount "69"]
[EventDate "2022.11.03"]
[WhiteTeam "SK KOMENDA POPOTNIK"]
[BlackTeam "SD MENGES-TERZN 1"]

1. e4 e6 2. d4 d6 3. c4 Be7 4. Nf3 Nd7 5. Nc3 c6 6. Be2 e5 7. O-O Ngf6 8. h3
O-O 9. Rb1 h6 10. b4 Nh7 11. Qc2 Ng5 12. Bxg5 Bxg5 13. Rfd1 Qe7 14. c5 dxc5 15.
dxc5 b6 16. cxb6 axb6 17. b5 Bb7 18. bxc6 Bxc6 19. Nd5 Bxd5 20. Rxd5 Bf6 21. a4
Rfc8 22. Qd1 Nc5 23. Rxb6 Nxa4 24. Rd7 Qa3 25. Rxf6 gxf6 26. Qd5 Qf8 27. Bc4
Rxc4 28. Qxc4 Nb6 29. Qc6 Nxd7 30. Qxd7 Rd8 31. Qf5 Qg7 32. h4 Qg6 33. Qh3 Qxe4
34. h5 Rd1+ 35. Kh2 0-1

[Event "23. OSREDNJA SLOVENSKA LIGA 2022"]
[Site "gostovanja"]
[Date "2022.11.03"]
[Round "7.3"]
[White "Simicak, Metod"]
[Black "Zidar, Jernej"]
[Result "0-1"]
[WhiteElo "1706"]
[BlackElo "1665"]
[PlyCount "58"]
[EventDate "2022.11.03"]
[WhiteTeam "SD MENGES-TERZN 1"]
[BlackTeam "SK KOMENDA POPOTNIK"]

1. e4 c5 2. Nc3 d6 3. d4 cxd4 4. Qxd4 Nc6 5. Bb5 Nf6 6. Bg5 e6 7. Bxc6+ bxc6 8.
O-O-O Be7 9. e5 dxe5 10. Qxe5 Bd7 11. Nge2 Qb6 12. Be3 c5 13. Rd2 Rb8 14. b3 a5
15. Ne4 Nxe4 16. Qxe4 a4 17. Rhd1 Bc6 18. Qe5 O-O 19. f3 Qb4 20. Qc3 Qb5 21.
Bf4 Ra8 22. Qd3 axb3 23. Qxb3 Qa5 24. Be5 c4 25. Qc3 Bb4 26. Qd4 Qxa2 27. Rg1
Bxd2+ 28. Kxd2 Rfd8 29. Bd6 Qa7 0-1

[Event "23. OSREDNJA SLOVENSKA LIGA 2022"]
[Site "gostovanja"]
[Date "2022.11.03"]
[Round "7.4"]
[White "Ojstersek, Peter"]
[Black "Grasic, Marjan"]
[Result "1-0"]
[WhiteElo "1605"]
[BlackElo "1696"]
[PlyCount "93"]
[EventDate "2022.11.03"]
[WhiteTeam "SK KOMENDA POPOTNIK"]
[BlackTeam "SD MENGES-TERZN 1"]

1. d4 Nf6 2. c4 b6 3. Nc3 g6 4. Bg5 Bg7 5. e4 d6 6. Nf3 O-O 7. Bd3 Bb7 8. Qd2
c5 9. d5 Nbd7 10. Bh6 e6 11. Bxg7 Kxg7 12. h3 exd5 13. cxd5 Re8 14. O-O c4 15.
Bc2 Nc5 16. Rfe1 a6 17. a4 Qc7 18. Qd4 Ncd7 19. Nd2 Rac8 20. Bb1 Qc5 21. Qxc5
Rxc5 22. Bc2 Rc7 23. Re3 Ba8 24. Rae1 Rb8 25. g4 b5 26. axb5 axb5 27. Ra1 b4
28. Nb5 Rxb5 29. Rxa8 c3 30. bxc3 Rxc3 31. Ba4 Rxe3 32. fxe3 Rb6 33. g5 Nc5 34.
gxf6+ Kxf6 35. Nc4 Ra6 36. Rxa6 Nxa6 37. Nxd6 Nc5 38. Bc2 g5 39. Nc4 h5 40. e5+
Ke7 41. Kg2 f6 42. exf6+ Kxf6 43. e4 b3 44. e5+ Ke7 45. Bf5 Na4 46. d6+ Kd8 47.
e6 1-0